Power system analysis (Record no. 1347)

000 -LEADER
fixed length control field 00590nam a2200229 a 4500
001 - CONTROL NUMBER
control field 1347
003 - CONTROL NUMBER IDENTIFIER
control field BD-DhUET
008 - FIXED-LENGTH DATA ELEMENTS--GENERAL INFORMATION
fixed length control field 931008s1994 nyua 001 0 eng
020 ## - INTERNATIONAL STANDARD BOOK NUMBER
International Standard Book Number 0070585156
020 ## - INTERNATIONAL STANDARD BOOK NUMBER
International Standard Book Number 0071133380
040 ## - CATALOGING SOURCE
Original cataloging agency DLC
Transcribing agency DLC
Modifying agency BD-DhUET
082 00 - DEWEY DECIMAL CLASSIFICATION NUMBER
Classification number 623.19
Item number GRA/1994
100 1# - MAIN ENTRY--PERSONAL NAME
Personal name Grainger, John J.
245 10 - TITLE STATEMENT
Title Power system analysis
250 ## - EDITION STATEMENT
Edition statement 1st ed.
260 ## - PUBLICATION, DISTRIBUTION, ETC. (IMPRINT)
Place of publication, distribution, etc. New York
Name of publisher, distributor, etc. McGraw-Hill
Date of publication, distribution, etc. 1994
300 ## - PHYSICAL DESCRIPTION
Extent xix, 787 p.
Other physical details ill.
504 ## - BIBLIOGRAPHY, ETC. NOTE
Bibliography, etc Includes bibliographies
650 #0 - SUBJECT ADDED ENTRY--TOPICAL TERM
Topical term or geographic name as entry element Electric power systems-Management
700 1# - ADDED ENTRY--PERSONAL NAME
Personal name Stevenson, William D.
942 ## - ADDED ENTRY ELEMENTS (KOHA)
Koha item type General Book
Holdings
Koha date last seen Piece designation (barcode) Sublocation or collection (holding branch) Koha item type Koha full call number Withdrawn status Price effective from Shelving location Koha normalized classification for sorting Source of classification or shelving scheme Date acquired Koha date last borrowed Location (home branch) Koha out on loan Damaged status Koha renewals Lost status Koha issues (times borrowed) Copy number Not for loan
2024-06-01103960Central Library, BUETGeneral Book623.19/GRA/1994 2014-09-03Circulation section623_000000000000000_19GRA1994 2014-09-032024-03-04Central Library, BUET    51 
2020-01-14103961Central Library, BUETGeneral Book623.19/GRA/1994 2014-09-03Circulation section623_000000000000000_19GRA1994 2014-09-032019-05-06Central Library, BUET    12 
2025-11-03103962Central Library, BUETGeneral Book623.19/GRA/1994 2014-09-03Circulation section623_000000000000000_19GRA1994 2014-09-032025-07-13Central Library, BUET  1 33 
2025-04-22103963Central Library, BUETGeneral Book623.19/GRA/1994 2014-09-03Circulation section623_000000000000000_19GRA1994 2014-09-032019-10-21Central Library, BUET    14 
2023-11-27103964Central Library, BUETGeneral Book623.19/GRA/1994 2014-09-03Circulation section623_000000000000000_19GRA1994 2014-09-032023-11-27Central Library, BUET2023-12-11   15 
2016-01-26103965Central Library, BUETGeneral Book623.19/GRA/1994 2014-09-03Circulation section623_000000000000000_19GRA1994 2014-09-03 Central Library, BUET     6 
2021-12-13103966Central Library, BUETGeneral Book623.19/GRA/1994 2014-09-03Circulation section623_000000000000000_19GRA1994 2014-09-032021-02-13Central Library, BUET  2 17 
2022-02-06103967Central Library, BUETGeneral Book623.19/GRA/1994 2014-09-03Circulation section623_000000000000000_19GRA1994 2014-09-032022-02-06Central Library, BUET2023-02-06   28 
2025-05-03103968Central Library, BUETGeneral Book623.19/GRA/1994 2014-09-03Circulation section623_000000000000000_19GRA1994 2014-09-032025-05-03Central Library, BUET2025-05-17   59 
2015-06-2189529Central Library, BUETReading Item623.19/GRA/1994 2015-06-21Reading section623_190000000000000_GRA_1994 2015-06-21 Central Library, BUET     10 
2015-06-2191138Central Library, BUETReading Item623.19/GRA/1994 2015-06-21Reading section623_190000000000000_GRA_1994 2015-06-21 Central Library, BUET     11 
2015-07-0290777Central Library, BUETReading Item623.19/GRA/1994 2015-07-02Reading section623_190000000000000_GRA_1994 2015-07-02 Central Library, BUET     12